Top 10 des plats préférés des français - Statistiques

Statistiques générales
  • Ce quiz a été pris 5 598 fois
  • Le résultat moyen est 3 sur 10
Statistiques - réponses
Numéro Réponses % Correct
3 Pizza
70%
2 Raclette
69%
4 Couscous
45%
6 Blanquette
28%
10 Cassoulet
21%
9 Choucroutte
20%
8 Paëlla
16%
1 Poulet frites
8%
7 Quiche lorraine
8%
5 Boeuf-Bourguigon
1%
Aucun quiz correspondant
Distribution des résultats
% des personnes avec chaque résultat
Percentile par nombre de réponses
Votre historique - résultats
Vous n’avez pas pris ce quiz